Information measuring subsystem oil pumping station "Parabel"; MATEC Web of Conferences; Vol. 19 : The 2nd International Youth Forum "Smart Grids", Tomsk, Russia, October 6-10, 2014

מידע ביבליוגרפי
Parent link:MATEC Web of Conferences
Vol. 19 : The 2nd International Youth Forum "Smart Grids", Tomsk, Russia, October 6-10, 2014.— 2014.— [01013, 3 p.]
מחבר ראשי: Nyashina G. S. Galina Sergeevna
מחבר תאגידי: Национальный исследовательский Томский политехнический университет (ТПУ) Энергетический институт (ЭНИН) Кафедра автоматизации теплоэнергетических процессов (АТП)
מחברים אחרים: Glushkov D. O. Dmitry Olegovich
סיכום:Title screen
Information-measurement subsystem oil pumping station (OPS) "Parabel", located on the site of the main pipeline "Alexandrov-Anzhero" (OJSC "AK" Transneft". Developed on the basis of a modern microprocessor equipment, automation, as well as high-speed digital data channels. The simple solution to meet the requirements set out in the guidance document "Automation and remote control of trunk pipelines". "General provisions" (RD-35.240.0000-KTN-207-08).
שפה:אנגלית
יצא לאור: 2014
נושאים:
גישה מקוונת:http://dx.doi.org/10.1051/matecconf/20141901013
פורמט: אלקטרוני Book Chapter
KOHA link:https://koha.lib.tpu.ru/cgi-bin/koha/opac-detail.pl?biblionumber=640125

MARC

LEADER 00000nla2a2200000 4500
001 640125
005 20240212111614.0
035 |a (RuTPU)RU\TPU\network\4655 
035 |a RU\TPU\network\4653 
090 |a 640125 
100 |a 20150410a2014 k y0engy50 ba 
101 0 |a eng 
102 |a FR 
105 |a y z 100zy 
135 |a drgn ---uucaa 
181 0 |a i  
182 0 |a b 
200 1 |a Information measuring subsystem oil pumping station "Parabel"  |f G. S. Nyashina, D. O. Glushkov 
203 |a Text  |c electronic 
300 |a Title screen 
320 |a [References: 3 tit.] 
330 |a Information-measurement subsystem oil pumping station (OPS) "Parabel", located on the site of the main pipeline "Alexandrov-Anzhero" (OJSC "AK" Transneft". Developed on the basis of a modern microprocessor equipment, automation, as well as high-speed digital data channels. The simple solution to meet the requirements set out in the guidance document "Automation and remote control of trunk pipelines". "General provisions" (RD-35.240.0000-KTN-207-08). 
461 0 |0 (RuTPU)RU\TPU\network\4526  |t MATEC Web of Conferences  
463 0 |0 (RuTPU)RU\TPU\network\4524  |t Vol. 19 : The 2nd International Youth Forum "Smart Grids", Tomsk, Russia, October 6-10, 2014  |o [proceedings]  |f National Research Tomsk Polytechnic University (TPU)  |v [01013, 3 p.]  |d 2014 
610 1 |a электронный ресурс 
610 1 |a труды учёных ТПУ 
610 1 |a информационно-измерительные подсистемы 
610 1 |a Парабель 
610 1 |a трубопроводы 
610 1 |a микропроцессорная техника 
610 1 |a автоматика 
610 1 |a цифровые каналы 
610 1 |a передача данных 
610 1 |a магистральные газопроводы 
700 1 |a Nyashina  |b G. S.  |c specialist in the field of heat and power engineering  |c Assistant to Tomsk Polytechnic University, Candidate of Technical Sciences  |f 1992-  |g Galina Sergeevna  |3 (RuTPU)RU\TPU\pers\35843  |9 18988 
701 1 |a Glushkov  |b D. O.  |c specialist in the field of power engineering  |c Professor, Director of the ISHFVP of the Tomsk Polytechnic University, Doctor of Technical Sciences  |f 1988-  |g Dmitry Olegovich  |3 (RuTPU)RU\TPU\pers\32471  |9 16419 
712 0 2 |a Национальный исследовательский Томский политехнический университет (ТПУ)  |b Энергетический институт (ЭНИН)  |b Кафедра автоматизации теплоэнергетических процессов (АТП)  |3 (RuTPU)RU\TPU\col\18678 
801 2 |a RU  |b 63413507  |c 20210604  |g RCR 
856 4 |u http://dx.doi.org/10.1051/matecconf/20141901013 
942 |c CF